Protecting workers from asbestos: a new legal duty (Record no. 117377)
[ view plain ]
| 000 -LEADER | |
|---|---|
| fixed length control field | 01344cam a2200229 4500 |
| 001 - CONTROL NUMBER | |
| control field | WB4019-08 |
| 008 - FIXED-LENGTH DATA ELEMENTS--GENERAL INFORMATION | |
| fixed length control field | 040520n2004 000 0 eng u |
| 035 ## - SYSTEM CONTROL NUMBER | |
| System control number | (Sirsi) u126240 |
| 245 ## - TITLE STATEMENT | |
| Title | Protecting workers from asbestos: a new legal duty |
| 260 ## - PUBLICATION, DISTRIBUTION, ETC. | |
| Date of publication, distribution, etc. | 2004 |
| 490 ## - SERIES STATEMENT | |
| Series statement | Health and Safety Executive Press Release |
| Volume/sequential designation | (C019:04) 20 May 2004 (2) |
| 520 ## - SUMMARY, ETC. | |
| Summary, etc. | The new duty to manage asbestos under the Control of Asbestos at Work 2002 regulations comes into force on 21 May. This gives enhanced protection for building and maintenance workers from the fatal diseases caused by asbestos. The duty will require anyone responsible for the maintenance of commercial, industrial or public properties or the common areas of domestic properties, to check for asbestos and properly manage the risk. About 3 500 people die every year in Britian due to exposure to asbestos many years ago, before it was banned. For the HSE press release: http://www.hse.gov.uk/press/2004/c04019.htm |
| 590 ## - LOCAL NOTE (RLIN) | |
| Local note | WB |
| 590 ## - LOCAL NOTE (RLIN) | |
| Local note | WB |
| 650 ## - SUBJECT ADDED ENTRY--TOPICAL TERM | |
| Topical term or geographic name entry element | OCCUPATIONAL HEALTH |
| 650 ## - SUBJECT ADDED ENTRY--TOPICAL TERM | |
| Topical term or geographic name entry element | MANAGEMENT-HEALTH AND SAFETY-HAZARDOUS SUBSTANCES-ASBESTOS |
| 650 ## - SUBJECT ADDED ENTRY--TOPICAL TERM | |
| Topical term or geographic name entry element | ASBESTOS REGULATIONS |
| 650 ## - SUBJECT ADDED ENTRY--TOPICAL TERM | |
| Topical term or geographic name entry element | CONTROL OF ASBESTOS AT WORK REGULATIONS 2002 |
| 650 ## - SUBJECT ADDED ENTRY--TOPICAL TERM | |
| Topical term or geographic name entry element | BUILT ENVIRONMENT-BUILDING MAINTENANCE AND REFURBISHMENT |
| 690 ## - LOCAL SUBJECT ADDED ENTRY--TOPICAL TERM (OCLC, RLIN) | |
| Topical term or geographic name as entry element | HEALTH AND SAFETY |
| 9 (RLIN) | 6244 |
| 942 ## - ADDED ENTRY ELEMENTS (KOHA) | |
| Suppress in OPAC | 0 |
| Withdrawn status | Lost status | Source of classification or shelving scheme | Damaged status | Not for loan | Home library | Current library | Shelving location | Date acquired | Total Checkouts | Full call number | Barcode | Date last seen | Copy number | Price effective from | Koha item type |
|---|---|---|---|---|---|---|---|---|---|---|---|---|---|---|---|
| Dewey Decimal Classification | London | London | News article | 20/05/2004 | WB4019-08 | 126240-1001 | 06/08/2019 | 1 | 06/08/2019 | News article |